MARC

LEADER 00000nam0a2200000 4500
001 52145
005 20231101211343.0
010 |a 5765423930 
010 |a 5-94846-287-0 
035 |a (RuTPU)RU\TPU\book\54621 
090 |a 52145 
100 |a 20030523d2003 m y0rusy50 ca 
101 0 |a rus 
102 |a RU 
105 |a y z 000zy 
200 1 |a Самые дорогие иллюзии. Иллюзии опасности, страдания, счастья, взаимопонимания и любви  |f А. В. Курпатов 
210 |a Санкт-Петербург  |c Нева  |a Москва  |c Олма-Пресс  |d 2003 
215 |a 256 с. 
225 1 |a Карманный психотерапевт 
606 |a Социальная психология личности  |2 stltpush  |3 (RuTPU)RU\TPU\subj\55670  |9 73678 
610 1 |a психология 
610 1 |a психотерапия 
610 1 |a личность 
610 1 |a иллюзии 
610 1 |a страх 
610 1 |a счастье 
610 1 |a страдание 
610 1 |a взаимопонимание 
610 1 |a любовь 
686 |a Ю952  |v LBC/SL-A  |2 rubbk 
700 1 |a Курпатов  |b А. В.  |g Андрей Владимирович 
801 1 |a RU  |b 63413507  |c 20030523  |g PSBO 
801 2 |a RU  |b 63413507  |c 20180626  |g PSBO 
942 |c BK